header

Borges and memory (Record no. 96318)

MARC details
000 -LEADER
fixed length control field 01517nam a2200361Ia 4500
082 04 - DEWEY DECIMAL CLASSIFICATION NUMBER
Classification number 612.8/233
100 1# - MAIN ENTRY--AUTHOR NAME
Personal name Quian Quiroga, Rodrigo.
245 10 - TITLE STATEMENT
Title Borges and memory
260 ## - PUBLICATION, DISTRIBUTION, ETC. (IMPRINT)
Place of publication Cambridge, MA :
Name of publisher MIT Press,
Year of publication c2012.
300 ## - PHYSICAL DESCRIPTION
Number of Pages ix, 213 p.
650 #0 - SUBJECT ADDED ENTRY--TOPICAL TERM
Topical Term Memory
Topical Term Brain
Topical Term Memory disorders
Topical Term Memory in literature.
856 40 - ELECTRONIC LOCATION AND ACCESS
Uniform Resource Identifier http://site.ebrary.com/lib/rucke/Doc?id=10605706

No items available.

© 2026 Rongo University
Contact us: librarian | system librarian | Rongo university